Querelle di Brest /

Uloženo v:
Podrobná bibliografie
Hlavní autor: Genet, Jean, (1910-1986) (Autor)
Další autoři: Gibelli, Dario
Médium: Kniha
Jazyk:italština
Vydáno: Milano : Net, [2006]
Edice:Net ; 289
Tagy: Přidat tag
Žádné tagy, Buďte první, kdo vytvoří štítek k tomuto záznamu!

MARC

LEADER 00000nam a22000007i 4500
001 IT\ICCU\MIL\0724931
003 ItRI
005 20260216211130.0
008 070530s2006 it |||||| ||||| |||||c
020 |a 8851523304 
040 |b ita  |c ct 
041 7 |a ita  |2 ISO-639-2 
100 1 |a Genet, Jean,  |d  (1910-1986)  |0 IT\ICCU\CFIV\046705  |4 aut 
240 1 0 |a Querelle de Brest  |9 Genet, Jean <1910-1986> 
245 1 0 |a Querelle di Brest /  |c Jean Genet ; introduzione e traduzione di Dario Gibelli. 
260 |a Milano :  |b Net,  |c [2006] 
300 |a 317 p. ;  |c 20 cm. 
700 1 |a Gibelli, Dario  |0 IT\ICCU\VEAV\002237 
830 0 |a Net ;  |v 289  |0 IT\ICCU\TO0\1035517 
942 |2 ddc  |c BK 
952 |0 0  |1 0  |2 ddc  |4 0  |6 B_LNR02GENJEQUE11  |7 0  |9 7284  |a MI  |b MI  |d 2010-02-01  |i 5853  |l 0  |o B-LNR02-GENJE-QUE11  |p CDOM5853  |r 2025-07-13 16:28:35  |w 2025-07-13  |x ACQUISTO  |y BK 
952 |0 0  |1 0  |4 0  |6 843_914000000000000_GEN_QUE  |7 0  |9 32941  |a VR  |b VR  |d 2026-02-16  |i 1  |l 0  |o 843.914 GEN QUE  |p OBE-1  |r 2026-02-16 15:28:36  |w 2026-02-16  |y BK 
999 |c 5991  |d 5991